<?xml version="1.0" encoding="UTF-8"?><?xml-stylesheet type="text/xsl" href="static/style.xsl"?><OAI-PMH xmlns="http://www.openarchives.org/OAI/2.0/" xmlns:xsi="http://www.w3.org/2001/XMLSchema-instance" xsi:schemaLocation="http://www.openarchives.org/OAI/2.0/ http://www.openarchives.org/OAI/2.0/OAI-PMH.xsd"><responseDate>2026-04-13T07:29:45Z</responseDate><request verb="GetRecord" identifier="oai:www.recercat.cat:10459.1/464918" metadataPrefix="marc">https://recercat.cat/oai/request</request><GetRecord><record><header><identifier>oai:recercat.cat:10459.1/464918</identifier><datestamp>2025-09-15T18:07:20Z</datestamp><setSpec>com_2072_3622</setSpec><setSpec>col_2072_479130</setSpec></header><metadata><record xmlns="http://www.loc.gov/MARC21/slim" xmlns:dcterms="http://purl.org/dc/terms/" xmlns:xsi="http://www.w3.org/2001/XMLSchema-instance" xmlns:doc="http://www.lyncode.com/xoai" xsi:schemaLocation="http://www.loc.gov/MARC21/slim http://www.loc.gov/standards/marcxml/schema/MARC21slim.xsd">
   <leader>00925njm 22002777a 4500</leader>
   <datafield ind2=" " ind1=" " tag="042">
      <subfield code="a">dc</subfield>
   </datafield>
   <datafield ind2=" " ind1=" " tag="720">
      <subfield code="a">López Esteve, Manel</subfield>
      <subfield code="e">author</subfield>
   </datafield>
   <datafield ind2=" " ind1=" " tag="260">
      <subfield code="c">2023</subfield>
   </datafield>
   <datafield ind2=" " ind1=" " tag="520">
      <subfield code="a">El curs 1971-1972 es reprengueren els estudis universitaris de Filosofia i Lletres a la ciutat de Lleida. Aquests primers passos de la recuperació dels estudis de lletres van ser el punt d'inici d'una seqüència històrica que va transcórrer, amb tot un seguit d'avenços i retrocessos, fins a arribar a la consolidació institucional dels estudis universitaris de lletres de la seva Facultat i de la renovada Universitat de Lleida (UdL) el 1991 amb l'aprovació de la Llei de creació de la mateixa per part del Parlament de Catalunya. El present article reconstrueix la represa dels estudis universitaris de lletres a Lleida a les acaballes de la dictadura franquista, amb la transformació d'una universitat elitista en una altra de massificada, la seva consolidació al llarg de la dècada dels vuitanta en el marc d'un procés ampli de democratització formant part de la Universitat de Barcelona, primer com a divisió territorial i després pròpiament com a Facultat de Lletres, i el desplegament acadèmic i institucional a partir de la dècada dels noranta com un dels centres constitutius de la nova UdL. Juntament amb la dimensió acadèmica i institucional dels darrers cinquanta anys de la Facultat de Lletres s'analitza l'impacte social, cultural i polític de la mateixa en les dinàmiques socials del conjunt de la capital del Segrià i de les comarques de Ponent.</subfield>
   </datafield>
   <datafield ind2=" " ind1=" " tag="520">
      <subfield code="a">In the 1971-1972 academic year, university studies of Philosophy and the Arts were resumed in the city of Lleida. These first steps in the recovery of arts studies marked the starting point of a historical sequence that took place, with progress and setbacks, until the institutional consolidation of university arts studies, of the Faculty and of the renewed University of Lleida (UdL) in 1991, when the Parliament of Catalonia passed an act for its creation. This article provides a comprehensive reconstruction of the resumption of university Arts studies in Lleida at the end of the Franco dictatorship, with the transformation of an elitist university into one for the masses, its consolidation during the nineteen-eighties within the broad process of democratization forming part of the University of Barcelona, first as a territorial division and subsequently as the Faculty of Arts itself, and the academic and institutional development in the nineties as one of the centres constituting the new UdL. The academic and institutional dimension of the last fifty years of the Faculty of Arts is analysed together with its social, cultural and political impact on the social dynamics of the capital of Segrià and the region of western Catalonia.</subfield>
   </datafield>
   <datafield tag="653" ind2=" " ind1=" ">
      <subfield code="a">Història de les universitats</subfield>
   </datafield>
   <datafield tag="653" ind2=" " ind1=" ">
      <subfield code="a">Franquisme</subfield>
   </datafield>
   <datafield tag="653" ind2=" " ind1=" ">
      <subfield code="a">Facultat de Lletres</subfield>
   </datafield>
   <datafield tag="653" ind2=" " ind1=" ">
      <subfield code="a">Transició</subfield>
   </datafield>
   <datafield tag="653" ind2=" " ind1=" ">
      <subfield code="a">Lleida</subfield>
   </datafield>
   <datafield tag="653" ind2=" " ind1=" ">
      <subfield code="a">Educació</subfield>
   </datafield>
   <datafield tag="653" ind2=" " ind1=" ">
      <subfield code="a">Democràcia</subfield>
   </datafield>
   <datafield ind2="0" ind1="0" tag="245">
      <subfield code="a">La represa dels estudis universitaris a la ciutat de Lleida: els estudis de Lletres i la seva Facultat 1971-2021</subfield>
   </datafield>
   <datafield ind2="0" ind1="0" tag="245">
      <subfield code="a">The resumption of university studies in the city of Lleida: the study of Arts and its Faculty 1971-2021</subfield>
   </datafield>
</record></metadata></record></GetRecord></OAI-PMH>